000 00635nam a2200229Ia 4500
003 OSt
005 20220923230051.0
006 a|||||r|||| 00| 0
007 ta
008 Pun
024 _a277,113
037 _cTextual
040 _aARTS
_cARTS
_bPun
041 _2Pun
_aPun
082 _aO153,3N17x, K5
100 _aਸਹਿੰਸਰਾ, ਗੁਰਚਰਨ ਸਿੰਘ
245 0 _aਉਹ ਵੀ ਦਿਨ ਸਨ
260 _c1965
650 _aਪੰਜਾਬੀ ਸਾਹਿਤ
942 _hO153,3N17x, K5
_cTEXL
_2CC
999 _c382237
_d382237